000 00708nam a2200229 a 4500
001 000018908
005 20200929165859.0
008 100520s2001 it c r 000 f spa d
020 _a8888405038
040 _aDO-SdBNP
_bspa
_cBNPHU
082 _a853.914
_bM237r
100 1 _aMalaparte, Curzio,
_d1898-1957
_940697
245 1 0 _aRelatos escogidos /
_cCurzio Malaparte ; traducción Manuel Barriuso.
260 _aCesena :
_bARCI Solidarieta,
_c2001.
300 _a111 p. :
_bretrs. ;
_c17 cm.
490 1 _aUn Mar de Sueños
650 4 _aNovela italiana
_94322
650 4 _aLiteratura italiana
_93329
700 1 _aBarriuso, Manuel,
_etr.
_940698
830 0 _aUn Mar de Sueños
_940693
049 _aBNGR
999 _c18426
_d18426